|
|
|
|
| LEADER |
00923pam a22002658a 4500 |
| 001 |
00030907 |
| 005 |
20171026081025.0 |
| 008 |
130816s2008 ||||||viesd |
| 020 |
|
|
|c 122000
|
| 041 |
0 |
# |
|a vie
|
| 082 |
1 |
4 |
|a 327.09
|b L302S
|
| 245 |
1 |
0 |
|a Lịch sử quan hệ quốc tế hiện đại 1945- 2000
|c Trần Nam Tiến (ch.b); Nguyễn Tuấn Khanh, Trần Phi Tuấn
|
| 260 |
# |
# |
|a Hà Nội
|b Giáo Dục
|c 2008
|
| 300 |
# |
# |
|a 595 tr.
|c 24 cm.
|
| 653 |
# |
# |
|a 1945- 2000
|
| 653 |
# |
# |
|a Lịch sử thế giới
|
| 653 |
# |
# |
|a Qian hệ quốc tế
|
| 653 |
# |
# |
|a Ngoại giao
|
| 700 |
1 |
# |
|a Nguyễn, Tuấn Khanh
|
| 700 |
1 |
# |
|a Trần, Nam TIến
|e Chủ biên
|
| 700 |
1 |
# |
|a Trần, Phi Tuấn
|
| 852 |
# |
# |
|j KD.0014810
|
| 852 |
# |
# |
|b Kho đọc
|j KD.0014810
|
| 910 |
|
|
|d 8/2013
|
| 980 |
# |
# |
|a Trung tâm Học liệu Lê Vũ Hùng, Trường Đại học Đồng Tháp
|